| 000 | 00561nam a22001937a 4500 | ||
|---|---|---|---|
| 003 | OSt | ||
| 005 | 20150107133409.0 | ||
| 008 | 150107b xxu||||| |||| 00| 0 eng d | ||
| 020 | _a0748736360 | ||
| 040 | _cDNLM | ||
| 082 | _aWB 555 F496g 1993 | ||
| 100 |
_aFinlay Linda _92298 |
||
| 245 |
_aGroup work in occupational therapy./ _cLinda Finlay |
||
| 260 |
_aHong Kong : _bStanley Thornes ; _c1993. |
||
| 300 |
_axvi, 232 p : _bill; _c26 cm. |
||
| 504 | _aIncludes bibliographical references and index. | ||
| 650 |
_aOccupational therapy _92299 |
||
| 942 |
_2z _cSLOAN |
||
| 999 |
_c851 _d851 |
||